| 000 | 00335nam a2200121Ia 4500 | ||
|---|---|---|---|
| 008 | 231129s9999||||xx |||||||||||||| ||spa|| | ||
| 040 | _bspa | ||
| 082 | _a708.009861 M986d | ||
| 100 | _aMuseo del Oro del Banco de la República | ||
| 245 | 0 | _aEl Dorado: Historia y Leyenda | |
| 264 | _aMedellín Colombia: Colina | ||
| 942 |
_2ddc _cBKS |
||
| 999 |
_c10920 _d10920 |
||